[Event "FISU World University-ch 2020"]
[Site "Online"]
[Date "2020.10.26"]
[Round "2.1"]
[White "Lu, Shanglei"]
[Black "Argote Heredia, Valentina"]
[Result "1-0"]
[WhiteElo "2615"]
[BlackElo "2150"]
[Annotator "TA"]
[PlyCount "71"]
[EventDate "2020.10.26"]
[SourceTitle "playchess.com"]
[Source "ChessBase"]
[SourceQuality "1"]

1. e4 c5 2. Nf3 d6 3. d4 cxd4 4. Nxd4 Nf6 5. Nc3 a6 6. Be3 e5 7. Nb3 Be6 8. h3 h5 9. Qf3 Nbd7 10. Nd5 Bxd5 11. exd5 Rc8 12. O-O-O Qc7 13. c3 Be7 14. Kb1 Nb6 15. g3 Nc4 16. Bc1 b5 17. Bd3 a5 18. Nd2 a4 19. a3 Qc5 20. Nxc4 bxc4 21. Bc2 O-O 22. g4 h4 23. g5 e4 24. Qe2 Nxd5 25. Qxe4 Nxc3+ 26. bxc3 Rb8+ 27. Ka2 g6 28. Qxe7 Qxf2 29. Rd2 Qf3 30. Qe4 Qxc3 31. Qd4 Qf3 32. Rhd1 c3 33. Rd3 Qe2 34. Rxc3 Rfc8 35. Rxc8+ Rxc8 36. Bb2 1-0

[Event "FISU World University-ch 2020"]
[Site "Online"]
[Date "2020.10.26"]
[Round "2.1"]
[White "Lei, Tingjie"]
[Black "Dominguez, Laura Lucia"]
[Result "1-0"]
[WhiteElo "2505"]
[BlackElo "1970"]
[Annotator "TA"]
[PlyCount "45"]
[EventDate "2020.10.26"]
[SourceTitle "playchess.com"]
[Source "ChessBase"]
[SourceQuality "1"]

1. Nf3 g6 2. c4 Bg7 3. d4 d5 4. cxd5 Nf6 5. Qa4+ c6 6. dxc6 Nxc6 7. e3 O-O 8. Be2 a6 9. O-O b5 10. Bxb5 axb5 11. Qxa8 Na5 12. Ne5 Qb6 13. Qf3 Bb7 14. Qe2 Rc8 15. Nd2 e6 16. Ndf3 b4 17. Rd1 Ba6 18. Qe1 Bf8 19. Bd2 Rb8 20. Rac1 Bb7 21. Ng5 Bd5 22. b3 Nc6 23. e4 1-0

[Event "FISU World University-ch 2020"]
[Site "Online"]
[Date "2020.10.26"]
[Round "2.1"]
[White "Gaviria, Andres Felipe"]
[Black "Liu, Yan"]
[Result "0-1"]
[WhiteElo "2065"]
[BlackElo "2524"]
[Annotator "TA"]
[PlyCount "118"]
[EventDate "2020.10.26"]
[SourceTitle "playchess.com"]
[Source "ChessBase"]
[SourceQuality "1"]

1. d4 Nf6 2. Nf3 b6 3. Bf4 Bb7 4. e3 g6 5. c4 Bg7 6. Nc3 O-O 7. Be2 d6 8. h3 Nbd7 9. O-O Ne4 10. Nxe4 Bxe4 11. Nd2 Bb7 12. Bf3 Qc8 13. Bg3 c5 14. Bxb7 Qxb7 15. Nf3 Rfc8 16. Qe2 a6 17. a4 Rab8 18. Rab1 b5 19. axb5 axb5 20. b3 bxc4 21. bxc4 Qxb1 22. Rxb1 Rxb1+ 23. Kh2 Rb4 24. Bh4 e6 25. dxc5 Nxc5 26. Qd2 Rb6 27. Qa5 Ra6 28. Qb5 h6 29. Bg3 e5 30. Ne1 Rac6 31. f4 Ne4 32. Nf3 Nxg3 33. Kxg3 Rxc4 34. Qd5 Rc3 35. fxe5 dxe5 36. Nxe5 Rxe3+ 37. Nf3 Re2 38. Ng1 Rc3+ 39. Nf3 Be5+ 40. Kh4 Bf6+ 41. Kg3 Rcc2 42. h4 Rxg2+ 43. Kh3 Rgf2 44. Kg3 h5 45. Ng5 Bxg5 46. hxg5 Rf5 47. Qd8+ Kh7 48. Qf8 Rxg5+ 49. Kf4 Rf5+ 50. Ke4 Re2+ 51. Kd3 Re6 52. Qd8 Ref6 53. Ke4 h4 54. Qb8 Rf4+ 55. Ke3 Rf3+ 56. Ke2 h3 57. Qb4 Rf2+ 58. Ke1 h2 59. Qh4+ Kg7 0-1

[Event "FISU World University-ch 2020"]
[Site "Online"]
[Date "2020.10.26"]
[Round "2.1"]
[White "Ojeda Ossa, Daniel De Jesus"]
[Black "Gu, Tianlu"]
[Result "0-1"]
[WhiteElo "1884"]
[BlackElo "2267"]
[Annotator "TA"]
[PlyCount "100"]
[EventDate "2020.10.26"]
[SourceTitle "playchess.com"]
[Source "ChessBase"]
[SourceQuality "1"]

1. d4 d5 2. c4 e6 3. Nc3 c6 4. e3 Nh6 5. Nf3 f5 6. Bd3 Bd6 7. Qc2 O-O 8. b3 Nd7 9. Bb2 b6 10. Ne2 Bb7 11. O-O Rc8 12. Rac1 Qe7 13. Ne5 Bxe5 14. dxe5 Ng4 15. cxd5 cxd5 16. Qb1 Ngxe5 17. Nf4 Nc6 18. Rfd1 Nc5 19. Bb5 a6 20. Be2 Rfd8 21. Nh5 e5 22. Qxf5 Rf8 23. Qg4 Rcd8 24. f4 Bc8 25. Qf3 Be6 26. a3 a5 27. Bb5 Na7 28. Bf1 d4 29. b4 Nb3 30. Rb1 g6 31. Ng3 axb4 32. axb4 Bd5 33. Qg4 exf4 34. exf4 Qe3+ 35. Kh1 Rxf4 36. Qe2 Re8 37. Qxe3 Rxe3 38. Bd3 Rf2 39. Bf1 Rf4 40. Kg1 Nc6 41. b5 Ne5 42. Ne2 Rxf1+ 43. Kxf1 Bc4 44. Re1 Nd2+ 45. Kf2 Ng4+ 46. Kg1 Nxb1 47. Rxb1 Rxe2 48. Bxd4 Bd5 49. Bxb6 Rxg2+ 50. Kf1 Nxh2+ 0-1

[Event "FISU World University-ch 2020"]
[Site "Online"]
[Date "2020.10.26"]
[Round "2.2"]
[White "Zajic, Milan"]
[Black "Velo Arredondo, Alonso"]
[Result "1-0"]
[WhiteElo "2467"]
[BlackElo "2068"]
[Annotator "TA"]
[PlyCount "135"]
[EventDate "2020.10.26"]
[SourceTitle "playchess.com"]
[Source "ChessBase"]
[SourceQuality "1"]

1. e4 e5 2. Nf3 Nc6 3. Bb5 a6 4. Ba4 Nf6 5. d3 b5 6. Bb3 d6 7. a4 Bb7 8. O-O Be7 9. Re1 O-O 10. Nbd2 Na5 11. Ba2 c5 12. Nf1 Bc8 13. Ng3 Be6 14. c3 Bxa2 15. Rxa2 Re8 16. d4 Qc7 17. Nf5 Bf8 18. Bg5 Nd7 19. dxc5 dxc5 20. axb5 axb5 21. Ne3 Nb6 22. Bh4 Qc6 23. Qe2 f6 24. Bg3 Nac4 25. Rxa8 Rxa8 26. Nxc4 Nxc4 27. h4 Ra2 28. Rb1 g6 29. h5 Bh6 30. hxg6 hxg6 31. Nh4 Kf7 32. Qg4 Bg5 33. Nf3 Bh6 34. Rd1 Ra7 35. b3 Nd6 36. Rd5 Re7 37. Nh4 Bg5 38. Nf3 Bh6 39. Bxe5 fxe5 40. Nxe5+ Rxe5 41. Rxe5 Ne8 42. Qh4 Qf6 43. Qxf6+ Nxf6 44. Rxc5 Nxe4 45. Rc7+ Kf6 46. Rc6+ Kf7 47. f3 Be3+ 48. Kf1 Nf6 49. Rc7+ Ke6 50. Ke2 Bf4 51. Rc6+ Kf7 52. Rc5 Ke6 53. Rxb5 Nd5 54. Kd3 Bd6 55. c4 Nf4+ 56. Ke4 Ne2 57. Rg5 Kf6 58. Ra5 Bb4 59. Ra6+ Kg5 60. Ke3 Nc1 61. Ke4 Nxb3 62. Rb6 Nc5+ 63. Kd4 Ba3 64. Rb5 Kf4 65. Rxc5 Bxc5+ 66. Kxc5 Kg3 67. Kd4 Kxg2 68. Ke4 1-0

[Event "FISU World University-ch 2020"]
[Site "Online"]
[Date "2020.10.26"]
[Round "2.2"]
[White "Velikic, Adela"]
[Black "Torres Rosas, Rita Rosalia"]
[Result "1-0"]
[WhiteElo "2259"]
[BlackElo "1859"]
[Annotator "RC"]
[PlyCount "131"]
[EventDate "2020.10.26"]
[SourceTitle "playchess.com"]
[Source "ChessBase"]
[SourceQuality "1"]

1. d4 Nf6 2. c4 e6 3. Nf3 Bb4+ 4. Nbd2 O-O 5. e3 d5 6. a3 Bd6 7. c5 Be7 8. b4 b6 9. Bb2 Bb7 10. Be2 Re8 11. O-O c6 12. Qc2 Ba6 13. Bxa6 Nxa6 14. Ne5 Nb8 15. cxb6 Qxb6 16. Nb3 Nfd7 17. Rfc1 Rc8 18. Nd3 a6 19. Qe2 Qd8 20. Rc2 Ra7 21. Rac1 Rac7 22. Na5 h6 23. Bc3 Bd6 24. Be1 Nf6 25. f3 Nh5 26. Ne5 Qe8 27. Rc3 f6 28. Nd3 g5 29. Nc5 Ng7 30. Nxa6 Nxa6 31. Qxa6 Qh5 32. h3 Qg6 33. Rxc6 Rxc6 34. Nxc6 Rc7 35. Qe2 Kh7 36. a4 Qe8 37. b5 Qa8 38. a5 Ne8 39. a6 Rc8 40. Rc2 Nc7 41. Ba5 Nxa6 42. Qd3+ f5 43. g4 Nc7 44. Bxc7 Rxc7 45. gxf5 Qa1+ 46. Kg2 Qe1 47. fxe6+ Kg7 48. Rf2 Rb7 49. Ne5 Bxe5 50. dxe5 Qb4 51. Qxd5 Qxb5 52. Qxb5 Rxb5 53. f4 gxf4 54. exf4 Kf8 55. Re2 Ke7 56. f5 Rb3 57. h4 h5 58. Re4 Rb2+ 59. Kg3 Rb3+ 60. Kf4 Rh3 61. Kg5 Rf3 62. Ra4 Rg3+ 63. Kxh5 Kf8 64. Ra7 Re3 65. Kg6 Rxe5 66. Kf6 1-0

[Event "FISU World University-ch 2020"]
[Site "Online"]
[Date "2020.10.26"]
[Round "2.2"]
[White "Felix Soto, Alfredo"]
[Black "Nenezic, Marko"]
[Result "0-1"]
[WhiteElo "2075"]
[BlackElo "2528"]
[Annotator "TA"]
[PlyCount "92"]
[EventDate "2020.10.26"]
[SourceTitle "playchess.com"]
[Source "ChessBase"]
[SourceQuality "1"]

1. e4 c5 2. c3 Nf6 3. e5 Nd5 4. Nf3 e6 5. Bc4 d6 6. d4 cxd4 7. cxd4 Be7 8. O-O O-O 9. Qe2 Bd7 10. Rd1 Bc6 11. Bxd5 Bxd5 12. Nc3 Qd7 13. Bf4 Nc6 14. h4 h6 15. h5 Rad8 16. Rac1 Rfe8 17. Qe3 Rc8 18. g4 Nb4 19. a3 Nc6 20. Ne4 Bxe4 21. Qxe4 d5 22. Qe3 Na5 23. Nd2 b5 24. g5 hxg5 25. Bxg5 f6 26. Bf4 Nc6 27. Nb3 fxe5 28. dxe5 Rf8 29. Nc5 Bxc5 30. Rxc5 Ne7 31. Rdc1 Rxc5 32. Rxc5 d4 33. Qe4 Nf5 34. Bg5 d3 35. Rc1 Nd4 36. Kg2 Rf5 37. f4 Nb3 38. Rd1 Nc5 39. Qe3 Qd5+ 40. Qf3 Qc4 41. b4 Qc2+ 42. Kg1 Ne4 43. Bh4 d2 44. Bf2 Rxf4 45. Qxf4 Qxd1+ 46. Kg2 Qe2 0-1

[Event "FISU World University-ch 2020"]
[Site "Online"]
[Date "2020.10.26"]
[Round "2.2"]
[White "Baltazar Ibanez, Diego"]
[Black "Radovanovic, Mihajlo"]
[Result "0-1"]
[WhiteElo "2054"]
[BlackElo "2457"]
[Annotator "TA"]
[PlyCount "72"]
[EventDate "2020.10.26"]
[SourceTitle "playchess.com"]
[Source "ChessBase"]
[SourceQuality "1"]

1. e4 c5 2. Nf3 d6 3. d4 cxd4 4. Nxd4 Nf6 5. Nc3 a6 6. g3 e5 7. Nde2 b5 8. a3 Be7 9. Bg2 Bb7 10. h3 h5 11. O-O Nbd7 12. Bg5 Nc5 13. Bxf6 Bxf6 14. Nd5 h4 15. Nec3 O-O 16. Qh5 g6 17. Nxf6+ Qxf6 18. Qxh4 Qxh4 19. gxh4 Kg7 20. Rad1 Rad8 21. Rd2 Ne6 22. Rfd1 Nd4 23. Ne2 Nxe2+ 24. Rxe2 Kf6 25. Red2 Ke7 26. Kh2 Rh8 27. Kg3 Bc8 28. a4 bxa4 29. Bf1 f5 30. Ra1 Bd7 31. f3 f4+ 32. Kh2 Rxh4 33. Rad1 Bxh3 34. Bxh3 Rdh8 35. Rxd6 Rxh3+ 36. Kg2 Rh2+ 0-1

[Event "FISU World University-ch 2020"]
[Site "Online"]
[Date "2020.10.26"]
[Round "2.3"]
[White "Palmero Martinez, Rachel"]
[Black "Ramos Donaire, Maria Pradi"]
[Result "1-0"]
[WhiteElo "2099"]
[BlackElo "1558"]
[Annotator "TA"]
[PlyCount "128"]
[EventDate "2020.10.26"]
[SourceTitle "playchess.com"]
[Source "ChessBase"]
[SourceQuality "1"]

1. e4 e6 2. d4 d5 3. Nc3 Bb4 4. e5 c5 5. a3 Bxc3+ 6. bxc3 Ne7 7. Qg4 Nf5 8. Bd3 g6 9. Ne2 Nc6 10. Bg5 Qa5 11. O-O Bd7 12. Bf6 Rg8 13. Bxf5 exf5 14. Qh4 h5 15. Qf4 Nd8 16. e6 Bxe6 17. Qd6 Nc6 18. Nf4 Rd8 19. Bxd8 Qxd8 20. Qxc5 Qc7 21. Nd3 b6 22. Qb5 Kd8 23. Nb4 Ne7 24. Qd3 f4 25. Qd2 h4 26. Nd3 Nf5 27. Qxf4 Qxf4 28. Nxf4 g5 29. Nxe6+ fxe6 30. Rfe1 Kd7 31. a4 g4 32. a5 g3 33. fxg3 hxg3 34. h3 Rc8 35. axb6 axb6 36. Ra7+ Kd6 37. Ra3 Rc7 38. Rb3 Rc6 39. Kf1 Nh4 40. Re5 Kd7 41. Rh5 Nf5 42. Rh7+ Kd6 43. Ke2 Ne7 44. Kf3 Ng8 45. Kxg3 Nf6 46. Rb7 Ne4+ 47. Kf4 Nxc3 48. R7xb6 Ne2+ 49. Ke3 Ng3 50. Rxc6+ Kxc6 51. Kf3 Nf5 52. Rd3 Kd7 53. g4 Nd6 54. Kf4 Ke7 55. Kg5 Ne4+ 56. Kh6 Kf7 57. Re3 Kg8 58. g5 Kf7 59. h4 Nd6 60. Rf3+ Kg8 61. g6 Nf5+ 62. Rxf5 exf5 63. Kg5 Kg7 64. Kxf5 Kg8 1-0

[Event "FISU World University-ch 2020"]
[Site "Online"]
[Date "2020.10.26"]
[Round "2.3"]
[White "Lovo, Nicolas"]
[Black "Albornoz Cabrera, Carlos Daniel"]
[Result "0-1"]
[WhiteElo "1756"]
[BlackElo "2573"]
[Annotator "TA"]
[PlyCount "76"]
[EventDate "2020.10.26"]
[SourceTitle "playchess.com"]
[Source "ChessBase"]
[SourceQuality "1"]

1. c4 Nf6 2. Nf3 g6 3. g3 Bg7 4. Bg2 O-O 5. O-O d6 6. Nc3 e5 7. d3 Nc6 8. Rb1 a5 9. a3 Re8 10. e4 Bg4 11. Be3 Nd4 12. Bxd4 exd4 13. Ne2 Nd7 14. h3 Bxf3 15. Bxf3 a4 16. Nf4 Nc5 17. Nd5 c6 18. Nb4 Qd7 19. Bg2 Re7 20. Qg4 Qc7 21. f4 Nd7 22. f5 Ne5 23. Qd1 Ree8 24. g4 Qd8 25. Qc2 Bh6 26. Kh1 Bg5 27. Qe2 Kg7 28. Rbd1 Rh8 29. Bf3 Qe7 30. Kg2 h5 31. Rh1 Rh6 32. gxh5 gxf5 33. exf5 Rg8 34. Bg4 Kf8 35. Rhe1 Bh4 36. Rf1 Rxh5 37. Kh1 Nxg4 38. hxg4 Qxe2 0-1

[Event "FISU World University-ch 2020"]
[Site "Online"]
[Date "2020.10.26"]
[Round "2.3"]
[White "Mejia Varela, Fernando Alexis"]
[Black "Elias Reyes, Jorge Roberto"]
[Result "0-1"]
[WhiteElo "1614"]
[BlackElo "2428"]
[Annotator "TA"]
[PlyCount "50"]
[EventDate "2020.10.26"]
[SourceTitle "playchess.com"]
[Source "ChessBase"]
[SourceQuality "1"]

1. c4 Nf6 2. Nc3 c5 3. Nf3 Nc6 4. g3 g6 5. Bg2 Bg7 6. O-O O-O 7. d4 cxd4 8. Nxd4 Qa5 9. e4 Nxd4 10. Qxd4 d6 11. Qd2 Qh5 12. Nd5 Nxd5 13. exd5 Bh3 14. Re1 Rac8 15. Rxe7 Rxc4 16. Bxh3 Qxh3 17. Qe2 Rc5 18. Be3 Rxd5 19. Rxb7 Rh5 20. f4 Re8 21. Rb3 Rxe3 22. Rb8+ Bf8 23. Qxe3 Qxh2+ 24. Kf1 Qh1+ 25. Qg1 Qf3+ 0-1

[Event "FISU World University-ch 2020"]
[Site "Online"]
[Date "2020.10.26"]
[Round "2.4"]
[White "Bilguun, Sumiya"]
[Black "Grimm, Daniel"]
[Result "1-0"]
[WhiteElo "2454"]
[BlackElo "2286"]
[Annotator "TA"]
[PlyCount "99"]
[EventDate "2020.10.26"]
[SourceTitle "playchess.com"]
[Source "ChessBase"]
[SourceQuality "1"]

1. e4 Nf6 2. e5 Nd5 3. Nc3 Nxc3 4. bxc3 d6 5. f4 c5 6. d4 cxd4 7. cxd4 g6 8. Nf3 Bg7 9. Bc4 O-O 10. O-O Nc6 11. c3 b6 12. Qe1 e6 13. Ba3 Na5 14. Bd3 Bb7 15. Bxd6 Re8 16. Bb5 Bc6 17. Bxc6 Nxc6 18. c4 Rc8 19. Rc1 Qd7 20. Kh1 Red8 21. Qe4 Na5 22. c5 Bf8 23. Qe2 bxc5 24. dxc5 Nc6 25. Rfd1 Qe8 26. Ng5 Bg7 27. Rb1 Ne7 28. Rb7 Rd7 29. Rxd7 Qxd7 30. Bxe7 Qxe7 31. Ne4 Qc7 32. Qa6 Bf8 33. h3 Kg7 34. Rb1 Qc6 35. Qxc6 Rxc6 36. Rb7 Bxc5 37. Ng5 Bf2 38. g4 Be3 39. Rxf7+ Kg8 40. Rf6 Rc2 41. Nxe6 h5 42. Rxg6+ Kh7 43. gxh5 Rxa2 44. Ng5+ Kh8 45. h6 Ra1+ 46. Kg2 Rg1+ 47. Kf3 Bb6 48. e6 Bc5 49. Nf7+ Kh7 50. Rxg1 1-0

[Event "FISU World University-ch 2020"]
[Site "Online"]
[Date "2020.10.26"]
[Round "2.4"]
[White "Garidmagnai, Byambasuren"]
[Black "Terbe, Zsuzsanna"]
[Result "1-0"]
[WhiteElo "2369"]
[BlackElo "2198"]
[Annotator "TA"]
[PlyCount "95"]
[EventDate "2020.10.26"]
[SourceTitle "playchess.com"]
[Source "ChessBase"]
[SourceQuality "1"]

1. d4 d5 2. c4 c6 3. Nc3 Nf6 4. e3 g6 5. Nf3 Bg7 6. Bd3 O-O 7. O-O Be6 8. b3 h6 9. Ne5 Nfd7 10. Nf3 Nf6 11. Bb2 a5 12. Ne5 Nfd7 13. f4 Nxe5 14. fxe5 Nd7 15. Qc2 Re8 16. Ne2 Nf8 17. Rf2 Kh7 18. Raf1 f5 19. Nf4 Bf7 20. cxd5 cxd5 21. Bb5 e6 22. Bxe8 Bxe8 23. Rc1 Bc6 24. Ba3 Qe8 25. Qc5 g5 26. Nd3 Ng6 27. Qc3 Nh8 28. Rfc2 Qh5 29. Nc5 Qe8 30. Qd3 Bb5 31. Qd1 Bc6 32. Rf2 Ng6 33. Qd3 Bb5 34. Qb1 Bc6 35. Nd3 Nh4 36. Bd6 Ng6 37. Nc5 Nh8 38. g4 Kg8 39. gxf5 exf5 40. Qxf5 Nf7 41. Rcf1 Nxd6 42. exd6 b6 43. Ne6 Qd7 44. Nxg7 Qxg7 45. Qe6+ Kh8 46. Rf7 Re8 47. Rxg7 Rxe6 48. Re7 1-0

[Event "FISU World University-ch 2020"]
[Site "Online"]
[Date "2020.10.26"]
[Round "2.4"]
[White "Juhasz, Barbara"]
[Black "Agibileg, Uurtsaikh"]
[Result "1-0"]
[WhiteElo "2211"]
[BlackElo "2413"]
[Annotator "TA"]
[PlyCount "183"]
[EventDate "2020.10.26"]
[SourceTitle "playchess.com"]
[Source "ChessBase"]
[SourceQuality "1"]

1. e4 c5 2. Nf3 e6 3. d4 cxd4 4. Nxd4 Nc6 5. Nc3 a6 6. Be2 Nf6 7. O-O Qc7 8. Be3 Be7 9. f4 d6 10. Qe1 O-O 11. Qg3 Nxd4 12. Bxd4 b5 13. a3 Bb7 14. Kh1 Rad8 15. Rae1 Rfe8 16. Bd3 Rd7 17. e5 dxe5 18. Bxe5 Qd8 19. f5 Bd6 20. Qh3 Bxe5 21. Rxe5 Rd6 22. fxe6 Rdxe6 23. Ref5 h6 24. Qg3 Re3 25. Qh4 R8e6 26. Qf4 Re1 27. h3 Rxf1+ 28. Qxf1 Re3 29. Kg1 Rg3 30. Rf2 Qd4 31. Ne2 Qe3 32. Nxg3 Qxg3 33. Qe2 Qd6 34. Qe3 Qd8 35. Qe5 Bc6 36. Kh2 h5 37. Rf4 Qa8 38. Qg5 Qb8 39. Kg1 Qb6+ 40. Rf2 Qd4 41. c3 Qxd3 42. Rxf6 Qe4 43. Rf4 Qe3+ 44. Kh2 Qd2 45. Rf5 Qe2 46. Qd8+ Kh7 47. Qg5 Kg8 48. Re5 Qd1 49. Re3 Qd6+ 50. Qg3 Qd2 51. Re5 g6 52. Rc5 Bb7 53. b4 Kh7 54. Rc7 Bd5 55. Rd7 Qa2 56. Qg5 Bc6 57. Rd8 Qc2 58. Qg3 Qe2 59. h4 Qe4 60. Rd4 Qe2 61. Qg5 Kg7 62. Rf4 Qe6 63. Qd8 Qe5 64. Qd4 f6 65. Qxe5 fxe5 66. Rf1 Bd5 67. g3 Bc4 68. Re1 Kf6 69. Kg2 Kf5 70. Kf3 e4+ 71. Kf2 Bd3 72. Ra1 Bc2 73. Ra2 Bb1 74. Ra1 Bc2 75. Rg1 Kg4 76. Rc1 Bd3 77. a4 Bc4 78. a5 Bd3 79. Ke3 Kf5 80. Rd1 Kg4 81. Re1 Bc2 82. Rf1 g5 83. hxg5 Kxg5 84. Rf4 Bb1 85. Kd4 Bd3 86. c4 bxc4 87. b5 axb5 88. a6 c3 89. a7 c2 90. a8=Q c1=Q 91. Qg8+ Kh6 92. Rf6# 1-0

[Event "FISU World University-ch 2020"]
[Site "Online"]
[Date "2020.10.26"]
[Round "2.4"]
[White "Grimm, Gyorgy"]
[Black "Uuriintuya, Uurtsaikh"]
[Result "1-0"]
[WhiteElo "2143"]
[BlackElo "2288"]
[Annotator "TA"]
[PlyCount "113"]
[EventDate "2020.10.26"]
[SourceTitle "playchess.com"]
[Source "ChessBase"]
[SourceQuality "1"]

1. e4 c5 2. Nf3 Nc6 3. d4 cxd4 4. Nxd4 g6 5. c4 Bg7 6. Be3 Nf6 7. Nc3 O-O 8. Be2 d6 9. O-O Bd7 10. Rc1 Nxd4 11. Bxd4 Bc6 12. f3 a5 13. Qd2 Nd7 14. Be3 a4 15. Rfd1 Nc5 16. Nd5 e6 17. Nb4 Be5 18. Nd3 Nxd3 19. Bxd3 d5 20. cxd5 exd5 21. exd5 Qxd5 22. Bc4 Qxd2 23. Rxd2 Rfe8 24. Kf2 Bxh2 25. f4 Re4 26. Bd3 Rxf4+ 27. Bxf4 Bxf4 28. Rdc2 Bxc1 29. Rxc1 Rd8 30. Rc3 Kg7 31. g3 h5 32. Ke3 Re8+ 33. Kf2 Rd8 34. Ke3 g5 35. Rc5 f6 36. Be2 Rh8 37. Bb5 Re8+ 38. Kf2 Re6 39. Be2 Kh6 40. b4 axb3 41. axb3 Re5 42. Rc1 h4 43. gxh4 gxh4 44. Rd1 Rf5+ 45. Kg1 h3 46. Rd8 Rg5+ 47. Kf2 Rg3 48. Kxg3 Kg5 49. Kxh3 Kf4 50. Kh2 f5 51. Bc4 Ke3 52. Bd5 f4 53. Bxc6 bxc6 54. Rc8 f3 55. Rxc6 f2 56. Rf6 Ke2 57. Kg2 1-0

[Event "FISU World University-ch 2020"]
[Site "Online"]
[Date "2020.10.26"]
[Round "2.5"]
[White "Bosnjak, Petar"]
[Black "Quiroga Jaquez, Angel Ivan"]
[Result "1-0"]
[WhiteElo "2308"]
[BlackElo "2178"]
[Annotator "TA"]
[PlyCount "83"]
[EventDate "2020.10.26"]
[SourceTitle "playchess.com"]
[Source "ChessBase"]
[SourceQuality "1"]

1. e4 e5 2. Nf3 Nc6 3. Bc4 Nf6 4. d3 Be7 5. O-O O-O 6. a4 d6 7. a5 a6 8. c3 Be6 9. Nbd2 Qd7 10. Re1 h6 11. Nf1 Rfe8 12. Bxe6 fxe6 13. Ng3 Nh7 14. h3 Rf8 15. Be3 Rae8 16. Qb3 Nd8 17. d4 exd4 18. cxd4 Kh8 19. Rac1 c6 20. d5 exd5 21. exd5 c5 22. Nd2 Bg5 23. Nc4 Bxe3 24. Rxe3 Rxe3 25. Qxe3 Nf6 26. Rd1 Nf7 27. Qe6 Qc7 28. Qf5 Re8 29. Nh5 Nxh5 30. Qxh5 Kg8 31. Rd3 Qd7 32. Rg3 Re1+ 33. Kh2 Ng5 34. Qg6 Qf7 35. Qxf7+ Nxf7 36. Rg6 Rd1 37. Nxd6 Ne5 38. Re6 Rxd5 39. Nxb7 Nc4 40. Rxa6 Nxb2 41. Rc6 c4 42. a6 1-0

[Event "FISU World University-ch 2020"]
[Site "Online"]
[Date "2020.10.26"]
[Round "2.5"]
[White "Garcia de Dios, Jose Antonio"]
[Black "Livaic, Leon"]
[Result "0-1"]
[WhiteElo "2206"]
[BlackElo "2507"]
[Annotator "TA"]
[PlyCount "94"]
[EventDate "2020.10.26"]
[SourceTitle "playchess.com"]
[Source "ChessBase"]
[SourceQuality "1"]

1. d4 Nf6 2. c4 c5 3. d5 e6 4. Nc3 exd5 5. cxd5 d6 6. e4 g6 7. f4 Bg7 8. Bb5+ Nfd7 9. Nf3 a6 10. Bd3 b5 11. O-O O-O 12. Re1 b4 13. Ne2 Nb6 14. Ng3 c4 15. Bf1 Bg4 16. Rb1 N8d7 17. h3 Bxf3 18. Qxf3 Rc8 19. Be3 a5 20. Qf2 c3 21. bxc3 Rxc3 22. Ne2 Rc2 23. a3 Nc4 24. axb4 Nf6 25. Qf3 Re8 26. Nd4 Nxe3 27. Rxe3 Ra2 28. e5 dxe5 29. Bc4 e4 30. Qd1 Nxd5 31. Nc6 Rxg2+ 32. Kh1 Nxe3 33. Qxd8 Rxd8 34. Nxd8 Rd2 35. bxa5 Rxd8 36. Be2 Ra8 37. a6 Nd5 38. Rb7 Bd4 39. Bc4 Nb6 40. Bxf7+ Kf8 41. a7 e3 42. Bc4 Rxa7 43. Rxa7 Nxc4 44. Ra2 Nd2 45. Kg2 e2 46. Rxd2 e1=Q 47. Rxd4 Qe2+ 0-1

[Event "FISU World University-ch 2020"]
[Site "Online"]
[Date "2020.10.26"]
[Round "2.5"]
[White "Ivekovic, Tihana"]
[Black "Fuentes Godoy, Lilia Ivonne"]
[Result "1/2-1/2"]
[WhiteElo "2127"]
[BlackElo "2196"]
[Annotator "TA"]
[PlyCount "80"]
[EventDate "2020.10.26"]
[SourceTitle "playchess.com"]
[Source "ChessBase"]
[SourceQuality "1"]

1. d4 d5 2. c4 e6 3. g3 Nf6 4. Nf3 Be7 5. Bg2 O-O 6. O-O c6 7. Qc2 b6 8. Nbd2 Bb7 9. e4 Na6 10. e5 Nd7 11. cxd5 cxd5 12. a3 Rc8 13. Qb1 Qc7 14. Rd1 Qc2 15. Qxc2 Rxc2 16. Bf1 Nab8 17. Bd3 Rc7 18. Nf1 Ba6 19. Bxa6 Nxa6 20. Ne3 Rfc8 21. Bd2 b5 22. Rdc1 Rxc1+ 23. Rxc1 Rxc1+ 24. Bxc1 Nb6 25. Kf1 b4 26. Ke2 Kf8 27. Kd3 Ke8 28. Nc2 bxa3 29. bxa3 h6 30. Nd2 Kd7 31. Nb3 Nc4 32. Nd2 Nxd2 33. Bxd2 Kc6 34. Kc3 Kb5 35. Kb3 Nb8 36. a4+ Kb6 37. Bb4 Bxb4 38. Nxb4 a5 39. Nd3 Na6 40. Kc3 Kc6 1/2-1/2

[Event "FISU World University-ch 2020"]
[Site "Online"]
[Date "2020.10.26"]
[Round "2.5"]
[White "Luna Javier, Edgar Froylan"]
[Black "Muha, Miljenko"]
[Result "0-1"]
[WhiteElo "2114"]
[BlackElo "2295"]
[Annotator "TA"]
[PlyCount "130"]
[EventDate "2020.10.26"]
[SourceTitle "playchess.com"]
[Source "ChessBase"]
[SourceQuality "1"]

1. Nf3 d5 2. g3 g6 3. Bg2 Bg7 4. O-O e5 5. d3 Ne7 6. c4 dxc4 7. dxc4 O-O 8. Nc3 Nbc6 9. Qxd8 Rxd8 10. Nb5 Rd7 11. Bg5 h6 12. Bxe7 Rxe7 13. Rfd1 Be6 14. Nd2 a6 15. Nc3 f5 16. Nd5 Rf7 17. Nb3 Re8 18. Nc5 Bc8 19. Nc3 e4 20. Rac1 Ne5 21. Nd5 Bf8 22. Nb3 c6 23. Nb6 Be6 24. Rc2 Be7 25. c5 Rff8 26. Nd4 Bf7 27. b4 Rd8 28. Rcd2 Bg5 29. Rc2 Bf6 30. Rcd2 Nc4 31. Nxc4 Bxc4 32. Bf1 Kf7 33. e3 Bxf1 34. Kxf1 Rd5 35. Nb3 Ke6 36. Na5 Rb8 37. Nc4 Rbd8 38. Nd6 Rxd2 39. Rxd2 Be7 40. Nc4 Rxd2 41. Nxd2 Kd5 42. Ke2 a5 43. bxa5 Bxc5 44. f3 Bb4 45. Nb3 c5 46. g4 fxg4 47. fxg4 c4 48. a6 bxa6 49. Nd4 Bd6 50. h4 Be5 51. Nc2 a5 52. h5 gxh5 53. gxh5 c3 54. Na3 Kc5 55. Kd1 Kb4 56. Nb1 Kc4 57. Kc2 Kb4 58. Kd1 Bg3 59. Kc2 Be1 60. Kd1 Bd2 61. Kc2 a4 62. a3+ Kc4 63. Nxd2+ cxd2 64. Kxd2 Kb3 65. Kc1 Kc3 0-1

[Event "FISU World University-ch 2020"]
[Site "Online"]
[Date "2020.10.26"]
[Round "2.6"]
[White "Eggink, Ryszard"]
[Black "Santos, Ricardo Alexandre Lu"]
[Result "1-0"]
[WhiteElo "2387"]
[BlackElo "2113"]
[Annotator "TA"]
[PlyCount "59"]
[EventDate "2020.10.26"]
[SourceTitle "playchess.com"]
[Source "ChessBase"]
[SourceQuality "1"]

1. d4 Nf6 2. c4 g6 3. Nc3 d5 4. cxd5 Nxd5 5. Na4 Nb6 6. Nf3 Bg7 7. e4 O-O 8. Be3 Bg4 9. Nc3 Nc6 10. e5 Bxf3 11. gxf3 Qd7 12. Qd2 Rad8 13. O-O-O Qe6 14. f4 Nc4 15. Qe2 N6a5 16. d5 Qf5 17. h4 Qc8 18. h5 c6 19. hxg6 fxg6 20. Bh3 Rf5 21. dxc6 Rxd1+ 22. Rxd1 Qxc6 23. Bxf5 gxf5 24. Rd8+ Bf8 25. Qh5 Nxe3 26. fxe3 Nc4 27. Qxf5 Qh1+ 28. Rd1 Qh6 29. Rg1+ Kh8 30. Qf7 1-0

[Event "FISU World University-ch 2020"]
[Site "Online"]
[Date "2020.10.26"]
[Round "2.6"]
[White "Lewicki, Miroslaw"]
[Black "Ferreira, Hugo Miguel Da Costa"]
[Result "1-0"]
[WhiteElo "2348"]
[BlackElo "2081"]
[Annotator "TA"]
[PlyCount "101"]
[EventDate "2020.10.26"]
[SourceTitle "playchess.com"]
[Source "ChessBase"]
[SourceQuality "1"]

1. e4 d5 2. exd5 Qxd5 3. Nc3 Qd6 4. d4 Nf6 5. Nf3 c6 6. Bc4 e6 7. O-O Qc7 8. h3 Bd6 9. Re1 O-O 10. Bb3 Nbd7 11. Qe2 b5 12. Ne4 Nxe4 13. Qxe4 Nf6 14. Qh4 c5 15. dxc5 Qxc5 16. c3 Bb7 17. Nd4 Nd5 18. Bc2 g6 19. Bh6 Rfe8 20. Rad1 Be7 21. Bg5 Bf8 22. a4 b4 23. Nb3 Qc7 24. c4 Nb6 25. Nd2 Bg7 26. a5 Nd7 27. Ba4 Bc6 28. Bxc6 Qxc6 29. Ne4 f5 30. Rd6 Qb7 31. a6 Qc7 32. Red1 fxe4 33. Rxd7 Qe5 34. Rb7 h5 35. Rdd7 Bh8 36. Be3 Bf6 37. Bd4 Qxd4 38. Qg3 Qxd7 39. Rxd7 g5 40. Qe3 Red8 41. Rxa7 Rxa7 42. Qxa7 Rd1+ 43. Kh2 Be5+ 44. g3 h4 45. Qe3 hxg3+ 46. fxg3 Rb1 47. Qxg5+ Bg7 48. a7 Rxb2+ 49. Kg1 Ra2 50. Qd8+ Kh7 51. a8=Q 1-0